01672 a2200205 45000010006000000050017000060080041000230030015000640400040000790800038001192450028001570200018001852640029002033000019002325051149002510410008014001000018014087000019014267000021014454327320260407155716.0260407a1982 arg spa dAR-UNSa-BCEJYS aAR-UNSa-BCEJYSbspacAR-UNSa-BCEJYS a911.3:33xGeografía económica10aGeografía Económica a84-344-3436-9 1aBarcelona :bArielc1982 a362 p.c21 cm. aIntroducción: Primera Parte : Los hombres y los sistemas económicos : 1. Los hombres - 2. Sistemas económicos y tipos de economía - Segunda Parte : La economía y la producción industrial: 1. Estructura y formas de organización - 2. La producción de energía - 3. La producción y la comercialización de materias primas - 4. Industrias pesadas, industrias de equipo - 5. Industrias ligeras o industrias de bienes de uso y de consumo - Parte Tercera : Economía agrícola y producción de artículos alimenticios : 1. Tipos de economía agrícola - 2. La producción de cereales - 3. Cultivos alimenticios diversos - 4. Industrias pesadas, industrias de equipo - 5. Industrias ligeras o indsutrias de bienes de uso y de cosnumo - Tercera Parte : Economía agrícola y producción de artículos alimenticios : 1. Tipos de economía agrícola - 2. La produccón de cereales - 3. Cultivos alimenticios diversos - 4. Productos derivados de la ganadería y de la pesca - Cuarta Parte : Comercio y circulación 1. Economía y comercio - 2. Los transportes continentales - 3. Los transportes marítimos y aéreos. aspa1 aHuera, Carmen1 aGeorge, Pierre1 aBaraldés, Joan